Prénoms d'artistes n°3 - Statistiques

Statistiques générales
  • Ce quiz a été pris 193 fois
  • Le résultat moyen est 6 sur 15
Statistiques - réponses
Prenom Nom de Famille % Correct
Gustave Courbet
73%
Pierre-Auguste Renoir
70%
Auguste Rodin
68%
Eugène Delacroix
68%
Georges Braque
65%
Berthe Morisot
39%
Keith Haring
36%
Théodore Géricault
36%
Jeff Koons
35%
Yves Klein
34%
Henri Rousseau
29%
Albrecht Dürer
24%
Georgia O'Keeffe
18%
Willem de Kooning
10%
Ilia Répine
7%
Aucun quiz correspondant
Distribution des résultats
% des personnes avec chaque résultat
Percentile par nombre de réponses
Votre historique - résultats
Vous n’avez pas pris ce quiz